Československá federace 1 státní moc a správa
Na minha lista:
| Formato: | Livro |
|---|---|
| Idioma: | tcheco |
| Publicado em: |
Praha
Československá tisková kancelář
1970
|
| Tags: |
Sem tags, seja o primeiro a adicionar uma tag!
|
MARC
| LEADER | 00000nam a2200000 4500 | ||
|---|---|---|---|
| 001 | c038938 | ||
| 005 | 20260323112611.6 | ||
| 041 | 0 | |a cze | |
| 044 | |a CZ | ||
| 245 | 1 | 0 | |a Československá federace 1 |b státní moc a správa |c Uspor. Václav Brož |
| 264 | 1 | |a Praha |b Československá tisková kancelář |c 1970 | |
| 300 | |a 100 s. | ||